Inžinierska geológia : Vybrané state

Na minha lista:
Detalhes bibliográficos
Formato: Livro
Idioma:eslovaco
Publicado em: Bratislava : SVŠT v Bratislave, 1978
Tags: Adicionar Tag
Sem tags, seja o primeiro a adicionar uma tag!

MARC

LEADER 00000nam a22000003a 4500
001 stu91078
005 20150408175201.6
008 041019s1978----cs------------------slo-d
040 |a STU  |b slo 
041 0 |a slo 
044 |a cs 
080 |a 624.131.1(075.8) 
245 |a Inžinierska geológia :  |b Vybrané state 
260 |a Bratislava :  |b SVŠT v Bratislave,  |c 1978 
300 |a 203 s 
996 |b 284V025284  |c V*4159/S-79  |l VVS  |s A  |a 24  |w stu91078_0001 
996 |b 284V025283  |c V*4158/S-79  |l VVS  |s A  |a 24  |w stu91078_0002